000 00689nam a2200289Ia 4500
005 20260324143802.0
008 008 260324s9999 xx 000 0 eng d
020 _a9780203765616
037 _aEBOOK
040 _aCRL
040 _beng
040 _cCRL
041 _2eng
041 _aeng
084 _qCRL
100 _aJoan Kaye Beigel; Ralph H. Earle
_91216916
245 0 _aSuccessful Private Practice In The 1990s
245 2 _bA New Guide
260 _bTaylor and Francis
260 _c1990
365 _a
365 _b180
856 _uhttp://www.taylorfrancis.com/books/9780203765616
942 _cEBOOK
999 _c1822730
_d1822730